Kāmāyanī-vimarśa. (Record no. 66297)

MARC details
000 -LEADER
fixed length control field 00599cam a22002291 4500
001 - CONTROL NUMBER
control field sa 65009604
003 - CONTROL NUMBER IDENTIFIER
control field DLC
005 - DATE AND TIME OF LATEST TRANSACTION
control field 20260227112203.0
008 - FIXED-LENGTH DATA ELEMENTS--GENERAL INFORMATION
fixed length control field 890619s1965 ii c 000 0 hino
010 ## - LIBRARY OF CONGRESS CONTROL NUMBER
LC control number sa 65009604
035 ## - SYSTEM CONTROL NUMBER
System control number (OCoLC)19891742
040 ## - CATALOGING SOURCE
Original cataloging agency DLC
Transcribing agency WaU
Modifying agency DLC
042 ## - AUTHENTICATION CODE
Authentication code premarc
050 00 - LIBRARY OF CONGRESS CALL NUMBER
Classification number PK2098.P7
Item number K3199
100 1# - MAIN ENTRY--PERSONAL NAME
Personal name Dīkshita, Bhagīratha,
Dates associated with a name 1919-
245 10 - TITLE STATEMENT
Title Kāmāyanī-vimarśa.
260 ## - PUBLICATION, DISTRIBUTION, ETC.
Date of publication, distribution, etc. [1965]
300 ## - PHYSICAL DESCRIPTION
Extent 314 p.
Other physical details port.
Dimensions 23 cm.
500 ## - GENERAL NOTE
General note In Hindi.
500 ## - GENERAL NOTE
General note Errata slip inserted.
600 10 - SUBJECT ADDED ENTRY--PERSONAL NAME
Personal name Prasad, Jai Shankar,
Dates associated with a name 1889-1937.
Title of a work Kāmāyanī.

No items available.

Powered by Koha